000 00784nam a2200241Ia 4500
003 OSt
005 20220918112024.0
006 a|||||r|||| 00| 0
007 ta
008 220915b |||||||| |||| 00| 0 hin d
024 _a179034
037 _cTextbook
040 _bhin
_aARTS
_cARTS
041 _ahin
082 _aO152,3N05:g, L5
100 _aकक्कड़, कुसुम
245 0 _aजैनेन्द्र का जीवन दर्शन
246 _aJainendra kā jīvan darshana
260 _aदिल्ली
_bपूर्वोदय प्रका0
_c1975
650 _aहिन्दी साहित्य
942 _hO152,3N05:g, L5
_cTB
_2CC
999 _c117928
_d117928